Т. 2.

Detaylı Bibliyografya
Özet:Исключено из фонда НТБ ТПУ
Dil:Rusça
Baskı/Yayın Bilgisi: 2000
Materyal Türü: MixedMaterials Kitap
KOHA link:https://koha.lib.tpu.ru/cgi-bin/koha/opac-detail.pl?biblionumber=24715

MARC

LEADER 00000nam0a2200000 4500
001 24715
005 20231030200321.0
010 |a 9665211455 
035 |a (RuTPU)RU\TPU\book\24945 
035 |a BOOK00025018 
090 |a 24715 
100 |a 20011209d2000 km y0rusy50 ca 
101 0 |a rus 
102 |a UA 
105 |a y z 001zy 
200 0 |a Т. 2. 
210 |d 2000 
215 |a 512 с. 
333 |a Исключено из фонда НТБ ТПУ 
801 0 |a RU  |b 63413507  |c 20011209  |g PSBO 
801 2 |a RU  |b 63413507  |c 20150914  |g PSBO 
942 |c BK